Vplyv informačných a komunikačných technológií na výkonnosť podnikov v cestovnom ruchu diplomová práca

Salvato in:
Dettagli Bibliografici
Autore principale: Levčíková, Michaela
Ente Autore: Obchodná fakulta EU. Katedra cestovného ruchu
Altri autori: Benešová, Dana, 1958-
Natura: Libro
Lingua:slovacco
Pubblicazione: Bratislava 2023
Tags: Aggiungi Tag
Nessun Tag, puoi essere il primo ad aggiungerne!!

MARC

LEADER 00000nbm a2200000 4500
001 0293932
005 20240122093111.9
041 0 |a slo 
044 |a SK 
245 1 0 |a Vplyv informačných a komunikačných technológií na výkonnosť podnikov v cestovnom ruchu  |b diplomová práca  |c Michaela Levčíková ; školiteľ: Dana Benešová 
264 1 |a Bratislava  |c 2023 
300 |a 60 s. 
100 1 |a Levčíková, Michaela 
700 1 |a Benešová, Dana, 1958- 
710 2 |a Obchodná fakulta EU. Katedra cestovného ruchu